000 00519nam a2200181Ia 4500
999 _c16690
_d16690
003 OSt
005 20200606115957.0
008 190216s9999||||xx |||||||||||||| ||und||
020 _a97881905137393
040 _cMESKC library
082 _a954
_bVAR/Y
100 _aVaren, Henari Clerk
_9439
245 0 _aYugadrishta Jawaharlal Nehru /
_cHenari Clerk Varen
260 _bNational Book Stall,
_c2009.
_aDelhi:
300 _a304p
650 _aHindi
942 _cBK
_2ddc
_h954
_iVAR/Y
_k954
_mVAR/Y